000 01378nam a22002894a 4500
001 516
003 BR-RjBN
005 20260520090212.0
008 170101s2017 sp 000 f por d
020 _a9788550301945
040 _bpor
_aBR-IBIA
_cBR-IBIA
_erda
041 1 _apor
_heng
082 _a813
_bD686b
100 1 _aDonnelly, Jennifer.
240 1 0 _aBeauty and the Beast: Lost in a Book.
245 1 2 _aA Bela e a Fera :
_bperdida em um livro /
_cJennifer Donnelly.
260 _aSão Paulo :
_bUniverso dos Livros,
_c2017.
300 _a304 p. ;
_c23 cm.
520 _aVivendo no castelo da Fera, Bela encontra um livro encantado chamado “Nunca Mais”, capaz de transportá-la para um mundo repleto de glamour, festas e mistérios. Nesse universo mágico, ela tem acesso a tudo aquilo que sempre desejou, incluindo aventuras e possibilidades que acreditava ter perdido. Entretanto, enquanto se encanta com a nova realidade, Bela começa a questionar se pode confiar nos personagens que encontra e se conseguirá retornar ao castelo e aos amigos que deixou para trás. A obra expande o universo do clássico da Disney com fantasia, romance e aventura.
650 0 _aLiteratura norte-americana.
650 0 _aFantasia.
_945
650 0 _aContos de fadas.
650 0 _aMagia.
_9785
655 0 _aRomance juvenil.
655 0 _aFicção.
_922
942 _2ddc
_n0
_cBK
999 _c516
_d516